Cải cách hành chính Quốc gia ở nước ta
Giới thiệu những vấn đề chung về nền hành chính quốc gia; xu hướng quốc tế hóa nền hành chính quốc gia các nước. Đề cập đến những nội dung chủ yếu về cải cách nền hành chính quốc gia ở nước ta,...
Đã lưu trong:
| Tác giả chính: | |
|---|---|
| Định dạng: | Sách |
| Năm xuất bản: |
H.
Chính trị Quốc gia
1995
|
| Chủ đề: | |
| Tags: |
Thêm thẻ
Không có thẻ, Hãy là người đầu tiên gắn thẻ bản ghi này!
|
| LEADER | 00888nam a2200193 4500 | ||
|---|---|---|---|
| 082 | |a 351 |b NG527D | ||
| 100 | |a Nguyễn Duy Gia | ||
| 245 | |a Cải cách hành chính Quốc gia ở nước ta |c Nguyễn Duy Gia | ||
| 260 | |a H. |b Chính trị Quốc gia |c 1995 | ||
| 300 | |a 324 tr. |c 19 cm. | ||
| 520 | |a Giới thiệu những vấn đề chung về nền hành chính quốc gia; xu hướng quốc tế hóa nền hành chính quốc gia các nước. Đề cập đến những nội dung chủ yếu về cải cách nền hành chính quốc gia ở nước ta,... | ||
| 653 | |a Hành chính | ||
| 653 | |a Hành chính công | ||
| 653 | |a Cải cách | ||
| 653 | |a Quốc gia | ||
| 653 | |a Việt Nam | ||
| 942 | |2 ddc |c SH | ||
| 999 | |c 8888 |d 8888 | ||
| 952 | |0 0 |1 0 |2 ddc |4 0 |6 351_000000000000000_NG527D |7 0 |8 300 |9 71943 |a qbu |b qbu |c D2 |d 2015-05-01 |g 20000 |o 351 NG527D |p 8531.c1 |r 0000-00-00 |w 2015-05-01 |y SH | ||